[Event "Hersonissos op 2nd"]
[Site "Hersonissos"]
[Date "2018.06.22"]
[Round "7"]
[White "Lichii, Elizaveta"]
[Black "Ergazaki, Eirini"]
[Result "0-1"]
[WhiteElo "1888"]
[BlackElo "1348"]
[PlyCount "72"]
[EventDate "2018.06.17"]
[EventType "swiss"]
[EventRounds "9"]
[EventCountry "GRE"]
[SourceTitle "CBM 185 Extra"]
[Source "ChessBase"]
[SourceDate "2018.07.29"]
[SourceVersion "1"]
[SourceVersionDate "2018.07.29"]
[SourceQuality "1"]

1. e4 e5 2. Nf3 Nc6 3. Bb5 a6 4. Ba4 d6 5. c3 Bd7 6. 0-0 g6 7. d4 Bg7 8. d5 Nce7 9. Bc2 h6 10. Nfd2 f5 11. exf5 Nxf5 12. Ne4 Nf6 13. f4 Nxe4 14. Bxe4 exf4 15. Bxf5 Bxf5 16. Re1+ Kf7 17. Bxf4 Re8 18. Nd2 Rxe1+ 19. Qxe1 Qe8 20. Qf2 Qb5 21. Nf1 Kg8 22. Qd2 g5 23. Ng3 Bh7 24. Be3 Re8 25. Rd1 Qc4 26. a3 Qb3 27. Nh5 Be5 28. Rf1 Rf8 29. Rxf8+ Kxf8 30. h4 Bg6 31. Qf2+ Kg8 32. Nf6+ Kg7 33. Nd7 Qd1+ 34. Qf1 Bh2+ 35. Kf2 Qc2+ 36. Qe2 Bg3+ 0-1

[Event "Hersonissos op 2nd"]
[Site "Hersonissos"]
[Date "2018.06.18"]
[Round "3"]
[White "Koutsouraki, Ariadni"]
[Black "Lichii, Elizaveta"]
[Result "0-1"]
[WhiteElo "1373"]
[BlackElo "1888"]
[PlyCount "94"]
[EventDate "2018.06.17"]
[EventType "swiss"]
[EventRounds "9"]
[EventCountry "GRE"]
[SourceTitle "CBM 185 Extra"]
[Source "ChessBase"]
[SourceDate "2018.07.29"]
[SourceVersion "1"]
[SourceVersionDate "2018.07.29"]
[SourceQuality "1"]

1. e4 c5 2. Nf3 e6 3. d4 cxd4 4. Nxd4 a6 5. Nc3 Qc7 6. Bd3 Nf6 7. a3 Be7 8. 0-0 Nc6 9. Be3 Ne5 10. Be2 b5 11. f4 Nc4 12. Bxc4 Qxc4 13. e5 Nd5 14. Nxd5 Qxd5 15. Qe2 Bb7 16. Nf3 Qe4 17. Qf2 Rc8 18. c3 0-0 19. Rad1 Bd5 20. Rfe1 Qg6 21. Rd2 d6 22. Bd4 Qf5 23. Qg3 Qg6 24. Qf2 Qg4 25. exd6 Bxd6 26. Ne5 Qf5 27. g4 Qf6 28. Nd7 Qxf4 29. Nxf8 Qxg4+ 30. Kf1 Bc4+ 31. Ree2 Bxe2+ 32. Rxe2 Rxf8 33. Qe3 Qf4+ 34. Qxf4 Bxf4 35. Kg2 Rd8 36. Kf3 Bc7 37. Rg2 e5 38. Bc5 f5 39. Re2 e4+ 40. Kg2 Be5 41. h4 g6 42. Be7 Rd3 43. Bg5 Kf7 44. Kf1 Bf6 45. Bxf6 Kxf6 46. Kg2 Ke5 47. Kh2 f4 0-1

[Event "Verona op-B"]
[Site "Verona"]
[Date "2017.01.03"]
[Round "2.8"]
[White "Lichii, Elizaveta"]
[Black "Giacchino, Claudio"]
[Result "0-1"]
[WhiteElo "1758"]
[BlackElo "1615"]
[PlyCount "100"]
[EventDate "2017.01.02"]
[EventType "swiss"]
[EventRounds "7"]
[EventCountry "ITA"]
[SourceTitle "EXT 2018"]
[Source "ChessBase"]
[SourceDate "2017.10.13"]
[SourceVersion "1"]
[SourceVersionDate "2017.10.13"]
[SourceQuality "1"]

1. e4 c5 2. Nf3 Nc6 3. d4 cxd4 4. Nxd4 d6 5. Nc3 Nf6 6. Be2 Bd7 7. Nb3 a6 8. a4 Rc8 9. 0-0 g6 10. Be3 Bg7 11. a5 Ne5 12. Bb6 Rc7 13. f4 Nc6 14. Nd5 Nxd5 15. exd5 Nb8 16. c3 0-0 17. Nd4 Qc8 18. Bxc7 Qxc7 19. f5 Qc5 20. fxg6 hxg6 21. Bf3 Bb5 22. Re1 Bf6 23. Kh1 Bc4 24. b4 Qc7 25. Qd2 Nd7 26. Be4 Ne5 27. Nf3 Bb5 28. Nxe5 Bxe5 29. Rac1 Rc8 30. c4 Bd7 31. Rf1 Kg7 32. Qf2 f6 33. Kg1 Rh8 34. g3 Rh6 35. Rfd1 f5 36. Bb1 Rh5 37. Rd2 Rg5 38. Kh1 Qd8 39. Qe3 Rg4 40. Rg2 f4 41. Qf3 fxg3 42. hxg3 Rg5 43. Rf1 Bf6 44. Rh2 b6 45. axb6 Qxb6 46. Qb3 Qd4 47. Rf4 Qe5 48. Rhf2 Qe1+ 49. Kg2 Rh5 50. Kf3 Qh1+ 0-1

[Event "EU-ch U14 Girls 25th"]
[Site "Porec"]
[Date "2015.09.25"]
[Round "5"]
[White "Lichii, Elizaveta"]
[Black "Mocanu, Valeria"]
[Result "1/2-1/2"]
[WhiteElo "1664"]
[BlackElo "1702"]
[PlyCount "64"]
[EventDate "2015.09.21"]
[EventType "swiss"]
[EventRounds "9"]
[EventCountry "CRO"]
[SourceTitle "EXT 2016"]
[Source "ChessBase"]
[SourceDate "2015.10.08"]
[SourceVersion "1"]
[SourceVersionDate "2015.10.08"]
[SourceQuality "1"]

1. e4 e5 2. Nf3 Nc6 3. Bb5 a6 4. Ba4 Nf6 5. 0-0 Be7 6. Re1 b5 7. Bb3 0-0 8. h3 d6 9. c3 Na5 10. Bc2 c5 11. d4 Nd7 12. d5 Nb6 13. Nbd2 g6 14. Nf1 f5 15. exf5 Bxf5 16. Be4 c4 17. b3 cxb3 18. axb3 Nb7 19. Ba3 Qc7 20. Qd3 Nd7 21. Bxf5 Rxf5 22. Ng3 Rff8 23. Ne4 Kg7 24. c4 bxc4 25. bxc4 Nbc5 26. Nxc5 Nxc5 27. Bxc5 Qxc5 28. Nd4 Qxd4 29. Qxd4 exd4 30. Rxe7+ Rf7 31. Re4 d3 32. Rd4 Rc7 1/2-1/2

[Event "MDA-ch (Women)"]
[Site "Kishinev"]
[Date "2015.02.04"]
[Round "9"]
[White "Lichii, Elizaveta"]
[Black "Smokina, Karolina"]
[Result "0-1"]
[WhiteElo "1642"]
[BlackElo "2137"]
[PlyCount "90"]
[EventDate "2015.01.27"]
[EventType "tourn"]
[EventRounds "9"]
[EventCountry "MDA"]
[SourceTitle "EXT 2022"]
[Source "ChessBase"]
[SourceDate "2021.10.06"]
[SourceVersion "1"]
[SourceVersionDate "2021.10.06"]
[SourceQuality "1"]

1. e4 c5 2. Nf3 Nc6 3. d4 cxd4 4. Nxd4 e5 5. Nb5 d6 6. N1c3 a6 7. Na3 Be6 8. Nc4 Be7 9. Be3 b5 10. Nb6 Rb8 11. Ncd5 Nf6 12. Nxf6+ Bxf6 13. Nd5 Bxd5 14. exd5 Ne7 15. c3 g6 16. Be2 Bg7 17. 0-0 0-0 18. Qd2 f5 19. f4 e4 20. Bd4 Bxd4+ 21. Qxd4 Qb6 22. Qxb6 Rxb6 23. Rfd1 a5 24. Kf2 Rc8 25. Rd4 Rc5 26. Rad1 Kg7 27. Ke3 Rb8 28. a3 h6 29. h4 Kf6 30. g4 g5 31. fxg5+ hxg5 32. hxg5+ Kxg5 33. Kf2 Rh8 34. Kg2 Ng6 35. Rg1 Nf4+ 36. Kf1 Nxd5 37. gxf5+ Kxf5 38. Bg4+ Kf4 39. Be6 Ne3+ 40. Ke2 Rh2+ 41. Ke1 Nc2+ 42. Kd1 Nxd4 43. cxd4 Rcc2 44. Rf1+ Ke3 45. Re1+ Kd3 0-1

[Event "MDA-ch (Women)"]
[Site "Kishinev"]
[Date "2015.02.02"]
[Round "7"]
[White "Lichii, Elizaveta"]
[Black "Daicu, Diana"]
[Result "1-0"]
[WhiteElo "1642"]
[BlackElo "1668"]
[PlyCount "53"]
[EventDate "2015.01.27"]
[EventType "tourn"]
[EventRounds "9"]
[EventCountry "MDA"]
[SourceTitle "EXT 2022"]
[Source "ChessBase"]
[SourceDate "2021.10.06"]
[SourceVersion "1"]
[SourceVersionDate "2021.10.06"]
[SourceQuality "1"]

1. e4 e5 2. Nf3 Nc6 3. Bb5 a6 4. Ba4 d6 5. c3 Nf6 6. 0-0 Be7 7. Re1 0-0 8. h3 h6 9. d4 exd4 10. cxd4 b5 11. Bb3 Bb7 12. Nbd2 Nb4 13. Qe2 c5 14. a3 Nc6 15. d5 Nb8 16. Nf1 Nbd7 17. Ng3 c4 18. Bc2 Nc5 19. Nd4 Qd7 20. Ngf5 Rad8 21. Qf3 Kh8 22. Bd2 Rg8 23. Nxe7 Qxe7 24. Nf5 Qe5 25. Bc3 Qe8 26. Nxg7 Kxg7 27. Bxf6+ 1-0

[Event "MDA-ch (Women)"]
[Site "Kishinev"]
[Date "2015.01.31"]
[Round "5"]
[White "Lichii, Elizaveta"]
[Black "Hincu, Olga"]
[Result "0-1"]
[WhiteElo "1642"]
[BlackElo "2034"]
[PlyCount "154"]
[EventDate "2015.01.27"]
[EventType "tourn"]
[EventRounds "9"]
[EventCountry "MDA"]
[SourceTitle "EXT 2022"]
[Source "ChessBase"]
[SourceDate "2021.10.06"]
[SourceVersion "1"]
[SourceVersionDate "2021.10.06"]
[SourceQuality "1"]

1. e4 e6 2. d4 d5 3. Nc3 Nf6 4. e5 Nfd7 5. f4 c5 6. Nf3 Nc6 7. Be3 cxd4 8. Nxd4 Bc5 9. Qd2 Nxd4 10. Bxd4 Bxd4 11. Qxd4 Qb6 12. 0-0-0 Qxd4 13. Rxd4 a6 14. a4 Nb8 15. Rd1 Nc6 16. Bd3 Ke7 17. Rhe1 g6 18. g4 h5 19. g5 Bd7 20. b3 Rhc8 21. Kb2 Rc7 22. Ne2 Rac8 23. Rd2 Kf8 24. Red1 Kg7 25. Re1 Nb8 26. Nd4 Bc6 27. Ree2 Nd7 28. Rd1 Nc5 29. Ra1 Ra8 30. Rd2 b6 31. c3 Bb7 32. a5 bxa5 33. Rxa5 Nd7 34. Rd1 Rac8 35. Ne2 Nb8 36. b4 Rc6 37. Rda1 d4 38. cxd4 Rb6 39. R5a3 Bd5 40. b5 axb5 41. Rc3 Rxc3 42. Nxc3 Bc4 43. Rd1 Nc6 44. Be4 Ne7 45. Rc1 Rb8 46. Nd1 Rd8 47. Kc3 Bd5 48. Kd3 Bxe4+ 49. Kxe4 Nf5 50. Kf3 Rxd4 51. Nc3 b4 52. Ne4 Rd3+ 53. Kf2 Rd8 54. Rb1 Rb8 55. Nc5 Ne7 56. Na6 Rb6 57. Nc5 Nd5 58. Kf3 Rb5 59. Nd3 b3 60. Rb2 Nb6 61. Rb1 Na4 62. Nb2 Nc3 63. Ra1 Rb4 64. Re1 Nd5 65. Re4 Rb8 66. Ra4 Nc3 67. Rc4 Nd5 68. Ra4 Kf8 69. h4 Rb7 70. Rc4 Ke7 71. Ke2 Ra7 72. Kd2 Ra2 73. Kc1 Ra1+ 74. Kd2 Rh1 75. Nd3 Rxh4 76. Ra4 Rh2+ 77. Kc1 Rc2+ 0-1

[Event "Marianske Lazne op 14th"]
[Site "Marianske Lazne"]
[Date "2015.01.19"]
[Round "3"]
[White "Lichii, Elizaveta"]
[Black "Saurabh, Sable"]
[Result "1-0"]
[WhiteElo "1642"]
[BlackElo "1470"]
[PlyCount "59"]
[EventDate "2015.01.17"]
[EventType "swiss"]
[EventRounds "9"]
[EventCountry "CZE"]
[SourceTitle "CBM 164 Extra"]
[Source "ChessBase"]
[SourceDate "2015.03.02"]
[SourceVersion "1"]
[SourceVersionDate "2015.03.02"]
[SourceQuality "1"]

1. e4 d5 2. exd5 Qxd5 3. Nc3 Qd6 4. d4 Nf6 5. h3 g6 6. Nf3 c6 7. Bd3 Bg7 8. 0-0 0-0 9. Re1 e6 10. Bf1 Nbd7 11. Bg5 b5 12. a3 Bb7 13. Qd2 Rfe8 14. Bf4 Qe7 15. Rad1 Nb6 16. Bg5 Qc7 17. Qc1 a6 18. Bxf6 Bxf6 19. Ne4 Be7 20. Nc5 Rad8 21. b4 Nd7 22. Nxb7 Qxb7 23. c4 Nb6 24. c5 Nd5 25. Qb2 Bf6 26. Ne5 Ne7 27. Qb3 Nf5 28. Qf3 Bg7 29. Nxc6 Qc7 30. Nxd8 1-0

[Event "Calvia Amateur op 11th"]
[Site "Calvia"]
[Date "2014.10.12"]
[Round "9"]
[White "Lim, Mark"]
[Black "Lichii, Elizaveta"]
[Result "1-0"]
[WhiteElo "1869"]
[BlackElo "1593"]
[PlyCount "67"]
[EventDate "2014.10.04"]
[EventType "swiss"]
[EventRounds "9"]
[EventCountry "ESP"]
[SourceTitle "EXT 2015"]
[Source "ChessBase"]
[SourceDate "2014.11.20"]
[SourceVersion "1"]
[SourceVersionDate "2014.11.20"]
[SourceQuality "1"]

1. Nf3 Nf6 2. c4 e6 3. g3 b6 4. Bg2 Bb7 5. 0-0 d6 6. Nc3 Be7 7. Re1 c5 8. e4 Nbd7 9. d4 cxd4 10. Nxd4 Rc8 11. e5 dxe5 12. Bxb7 Rc7 13. Nc6 Rxc6 14. Bxc6 0-0 15. Bg5 h6 16. Bxf6 Nxf6 17. Qxd8 Rxd8 18. Rad1 Rc8 19. Bb5 Bc5 20. Ne4 Nxe4 21. Rxe4 Bd4 22. b3 Ra8 23. Kf1 a6 24. Bc6 Rb8 25. f4 f6 26. Bd7 Kf8 27. Bxe6 Re8 28. Bf5 Kf7 29. Bg6+ Kxg6 30. Rdxd4 h5 31. Rd6 Kf5 32. Re2 Re6 33. Rxe6 Kxe6 34. Kf2 1-0

[Event "MDA-ch (Women)"]
[Site "Kishinev"]
[Date "2014.02.11"]
[Round "2"]
[White "Hincu, Olga"]
[Black "Lichii, Elizaveta"]
[Result "1-0"]
[WhiteElo "1988"]
[BlackElo "1529"]
[PlyCount "99"]
[EventDate "2014.02.10"]
[EventType "tourn"]
[EventRounds "11"]
[EventCountry "MDA"]
[SourceTitle "CBM 158 Extra"]
[Source "ChessBase"]
[SourceDate "2014.02.28"]
[SourceVersion "1"]
[SourceVersionDate "2014.02.28"]
[SourceQuality "1"]

1. d4 Nf6 2. Nf3 e6 3. c4 d5 4. Nc3 Bb4 5. Qa4+ Nc6 6. Ne5 Bd7 7. Nxc6 Bxc3+ 8. bxc3 Bxc6 9. Qc2 dxc4 10. f3 b5 11. e4 Qe7 12. Be2 Rd8 13. 0-0 0-0 14. a4 Rfe8 15. axb5 Bxb5 16. Rxa7 Ra8 17. Qa2 Qd8 18. Bg5 Rxa7 19. Qxa7 Qb8 20. Qxb8 Rxb8 21. Rb1 Rb6 22. Rb4 Ba6 23. Ra4 Nd7 24. Bxc4 Bxc4 25. Rxc4 c6 26. Kf2 f6 27. Bd2 Kf7 28. Ke3 e5 29. Ra4 Ke6 30. Kd3 Kd6 31. Bc1 Ke6 32. Ra7 g6 33. d5+ Kd6 34. Ba3+ c5 35. Kc4 f5 36. Ra5 Rb7 37. Ra6+ Nb6+ 38. Rxb6+ Rxb6 39. Bxc5+ Kc7 40. Bxb6+ Kxb6 41. Kb4 h5 42. c4 f4 43. c5+ Kc7 44. h4 Kd7 45. Kb5 Kc7 46. d6+ Kd7 47. Kb6 Kc8 48. c6 Kd8 49. c7+ Kd7 50. Kb7 1-0

[Event "EU-ch U12 Girls 23rd"]
[Site "Budva"]
[Date "2013.10.08"]
[Round "9"]
[White "Lichii, Elizaveta"]
[Black "Glebova, Anastasia"]
[Result "1/2-1/2"]
[WhiteElo "1496"]
[BlackElo "1611"]
[PlyCount "123"]
[EventDate "2013.09.29"]
[EventType "swiss"]
[EventRounds "9"]
[EventCountry "MNE"]
[SourceTitle "EXT 2014"]
[Source "ChessBase"]
[SourceDate "2013.11.20"]
[SourceVersion "1"]
[SourceVersionDate "2013.11.20"]
[SourceQuality "1"]

1. e4 c5 2. Nf3 g6 3. d4 cxd4 4. Nxd4 Nf6 5. Nc3 Nc6 6. Be3 Bg7 7. Bc4 0-0 8. Qd2 d6 9. f3 Bd7 10. 0-0-0 Qa5 11. Kb1 Rfc8 12. Bb3 Ne5 13. Nd5 Qxd2 14. Rxd2 Nxd5 15. Bxd5 Bc6 16. Nxc6 bxc6 17. Bb3 a5 18. f4 Ng4 19. Bd4 Bxd4 20. Rxd4 Ne3 21. Rg1 c5 22. Rd3 Ng4 23. Bd5 Rab8 24. Ra3 c4 25. Rg3 Nf6 26. f5 Kg7 27. Rd1 Rc5 28. Rd4 Nxd5 29. exd5 Rbb5 30. fxg6 hxg6 31. Rc3 Rxd5 32. Rcxc4 Rf5 33. Rf4 Rbe5 34. Kc1 Re2 35. Rxf5 gxf5 36. Rf4 e5 37. Rxf5 Rxg2 38. h4 Kg6 39. Rf3 Rh2 40. Rd3 Rxh4 41. Rxd6+ Kf5 42. b3 a4 43. c4 a3 44. Rd2 e4 45. c5 Ke5 46. c6 Rh8 47. b4 Rc8 48. b5 f5 49. Rc2 Kd6 50. Kd1 Kc7 51. Rc5 Rf8 52. Ke2 f4 53. Rc4 f3+ 54. Kf1 e3 55. Re4 e2+ 56. Kf2 Rf5 57. Re7+ Kb6 58. Rb7+ Ka5 59. c7 Rc5 60. Ra7+ Kxb5 61. Rxa3 Rc1 62. Re3 1/2-1/2

[Event "EU-ch U12 Girls 23rd"]
[Site "Budva"]
[Date "2013.10.07"]
[Round "8"]
[White "Fredericia, Ellen"]
[Black "Lichii, Elizaveta"]
[Result "1/2-1/2"]
[WhiteElo "1602"]
[BlackElo "1496"]
[PlyCount "81"]
[EventDate "2013.09.29"]
[EventType "swiss"]
[EventRounds "9"]
[EventCountry "MNE"]
[SourceTitle "EXT 2014"]
[Source "ChessBase"]
[SourceDate "2013.11.20"]
[SourceVersion "1"]
[SourceVersionDate "2013.11.20"]
[SourceQuality "1"]

1. d4 Nf6 2. c4 e6 3. Nc3 Bb4 4. Qc2 0-0 5. a3 Bxc3+ 6. Qxc3 c5 7. Bg5 h6 8. Bh4 d5 9. cxd5 cxd4 10. Qxd4 Nc6 11. Qd1 Qxd5 12. Bxf6 Qxd1+ 13. Rxd1 gxf6 14. e3 e5 15. Nf3 Be6 16. Be2 Rfd8 17. 0-0 Bb3 18. Rd2 Rxd2 19. Nxd2 Be6 20. Ne4 f5 21. Nc5 Rd8 22. Rd1 Rxd1+ 23. Bxd1 Bc8 24. Bb3 b6 25. Nd3 Ba6 26. Bd5 Bxd3 27. Bxc6 a5 28. f3 Kf8 29. f4 exf4 30. exf4 Ke7 31. Kf2 Kd6 32. Ke3 Kxc6 33. Kxd3 Kd5 34. a4 h5 35. h4 f6 36. b3 Kc5 37. Kc3 b5 38. g3 bxa4 39. bxa4 Kd5 40. Kd3 Kc5 41. Kc3 1/2-1/2

[Event "EU-ch U10 Girls"]
[Site "Prague"]
[Date "2012.08.18"]
[Round "2"]
[White "Goltseva, Ekaterina"]
[Black "Lichii, Elizaveta"]
[Result "0-1"]
[WhiteElo "1761"]
[BlackElo "1433"]
[PlyCount "184"]
[EventDate "2012.08.17"]
[EventType "swiss"]
[EventRounds "9"]
[EventCountry "CZE"]
[SourceTitle "CBM 150 Extra"]
[Source "ChessBase"]
[SourceDate "2012.10.19"]
[SourceVersion "1"]
[SourceVersionDate "2012.10.19"]
[SourceQuality "1"]

1. Nf3 Nf6 2. g3 b6 3. Bg2 Bb7 4. 0-0 e6 5. d4 d6 6. c4 Nbd7 7. Nc3 c5 8. Bf4 cxd4 9. Nb5 e5 10. Nxe5 dxe5 11. Bxb7 Rb8 12. Bg2 exf4 13. Nxa7 Qc7 14. Nc6 Rc8 15. Qxd4 Bd6 16. Rad1 Be5 17. Nxe5 Qxe5 18. gxf4 Qxd4 19. Rxd4 0-0 20. Bh3 Rc7 21. Rfd1 Nc5 22. e3 Rc6 23. b3 Nfe4 24. Bg2 Rg6 25. Rc1 f5 26. Kf1 Ne6 27. Rdd1 Rd8 28. Rxd8+ Nxd8 29. Bxe4 fxe4 30. Rd1 Nc6 31. Rd7 Rh6 32. Kg1 Rg6+ 33. Kh1 Rh6 34. Rd5 Nb4 35. Rd8+ Kf7 36. a3 Nc2 37. Rd7+ Kf8 38. Rd5 Ne1 39. Rb5 Nf3 40. Kg2 Rxh2+ 41. Kg3 Rh6 42. f5 Rf6 43. Kf4 Nd2 44. Rd5 Nxb3 45. Kxe4 Nc5+ 46. Ke5 h5 47. Kf4 Rh6 48. Rd1 h4 49. Rh1 Nd3+ 50. Kf3 Ne5+ 51. Kg2 Nxc4 52. a4 Nb2 53. e4 Nxa4 54. e5 Rh5 55. e6 Ke7 56. Ra1 b5 57. Rd1 Nb6 58. Rc1 Nc4 59. Ra1 Kf6 60. Re1 Ke7 61. Ra1 Rxf5 62. Ra7+ Kf6 63. Rf7+ Kg6 64. Rb7 Kf6 65. Rf7+ Kxe6 66. Rxg7 Rf7 67. Rg4 h3+ 68. Kxh3 Rxf2 69. Kg3 Rf6 70. Kg2 Kf7 71. Rd4 Rb6 72. Kf2 Na3 73. Rb4 Ke6 74. Ke2 Nc4 75. Kd3 Kd5 76. Kc3 Kc5 77. Kb3 Na5+ 78. Kc3 Nc6 79. Rb1 b4+ 80. Kb3 Nd4+ 81. Kb2 Kb5 82. Rd1 Rd6 83. Ka2 b3+ 84. Kb2 Kb4 85. Rd3 Rd5 86. Rd1 Kc4 87. Rd2 Ra5 88. Rd1 Ra2+ 89. Kb1 Kc3 90. Rc1+ Nc2 91. Rxc2+ Rxc2 92. Ka1 Rc1# 0-1